Quizzes
Events
Quiz Creation
Community
Videos
Private Events
Remove Ads
Sign In
Join for FREE
Feedback
Dark Mode
Quiz Categories
Sports
Geography
Music
Movies
Television
Just For Fun
Miscellaneous
History
Literature
Language
Science
Gaming
Entertainment
Religion
Holiday
For Kids
Quiz Lab
Recent
Popular Today
Quiz Kudos Today
Editor Picks
Curator Picks
Quizzes by...
Day
Popularity
Type
Ratings
Length
Year
Community
Subscriptions
Recent Discussions
Orange Saloon
Badges
Playlists
Quests
Create
Leaderboards
Showdown
Live 5
Trivia Bingo
Activity
Puzzle Library
Sporcle Events
Private Events
Virtual Trivia
Globe League
Become a Host
Pub Owners
SporcleCon
Opinionation
Our Games
Videos
Blog
Mobile Apps
Partnerships
Remove Ads and Go Orange
Feedback
Sports
Athletes
MLB
NBA
NHL
NFL
Soccer
Sports Teams
WWE
NCAA
Football
Premier League
Basketball
Baseball
Hockey
Golf
Tennis
Cricket
Rugby
Auto Racing
Olympics
World Cup
Sports
Athletes
MLB
NBA
NHL
NFL
Soccer
Sports Teams
WWE
NCAA
Football
Premier League
Basketball
Baseball
Hockey
Golf
Tennis
Cricket
Rugby
Auto Racing
Olympics
World Cup
Random Quiz
Search Sporcle
×
Curator Pick
Curator Pick
Sports
Alphabet
Type in answers that appear in a list
Type in answers that appear in a list
Classic
Best Score? Go Orange.
MLB Players (A-Z) Stats
Can you name the MLB Players (A-Z)?
By
tyant649
3m
26 Questions
4,420 Plays
4,420 Plays
4,420 Plays
Comments
Comments
Give Quiz Kudos
Give Quiz Kudos
-
- Ratings
hide this ad
More Info
Replay
Link that replays current quiz
Next Quiz
Link to next quiz in quiz playlist
You Got
0%
They Got
Avg Score
59%
Avg Friend Score
Upgrade to see
Score Distribution
Jump to the score distribution portion of the page
Score
0/26
Timer
03:00
0
Plays Today
Letter
Player
% Correct
A
Alex Rodriguez
93.7%
C
Chris Carpenter
90%
O
David Ortiz
85.5%
I
Ichiro
84.5%
E
Jacoby Ellsbury
79.8%
P
Brandon Phillips
72.3%
X
Xavier
72.2%
B
Mark Buehrle
72%
K
Ian Kinsler
71.6%
Q
Carlos Quentin
70.6%
J
Derek Jeter
69.2%
G
Alex Gonzalez
58.6%
H
Torii Hunter
57.9%
Letter
Player
% Correct
T
Jim Thome
55.5%
L
Evan Longoria
55%
N
Mike Napoli
54.7%
F
Dexter Fowler
51.6%
S
Alfonso Soriano
50.2%
M
Victor Martinez
50%
D
Johnny Damon
49.9%
V
Ryan Vogelsong
49.6%
Z
Carlos Zambrano
45.5%
U
B.J. Upton
42.8%
Y
Michael Young
39.5%
R
Marc Rzepczynski
27.8%
W
Brian Wilson
6.6%
Quiz Playlist
Details
Report
Send in Message
Add To Playlist
More Info:
Going by last name unless said otherwise.
Classic:
Type in answers that appear in a list
Last Updated: Jul 14, 2017
Curator Pick in
Alphabet
Quiz Scoreboard
CHALLENGE
Sign Up to Join the Scoreboard
Show All
Scores
Hide
Comments
May contain spoilers
Recently Published
9x9 Crossword: Cartoon Network
by jackfrog10
Miscellaneous
3m
College Basketball Coaching Resumes
by pancakes188
Sports
9m
Billboard Blitz: Fleetwood Mac
by CooCooCachoo
Music
15s
More to Explore
Quiz From the Vault
Featured Blog Post
Where Did the Easter Bunny Come From?
hide this ad
You Might Also Like...
Tags
Alphabet Quiz
Baseball Quiz
MLB Quiz
A-Z
ABC
Last Names
Today's Top Quizzes in Sports
Browse Sports
hide this ad
Today's Top Quizzes in Alphabet
Browse Alphabet
Top Contributed Quizzes in Sports
1
2022 World Cup Stars
2
Les meilleurs buteurs des matchs entre le PSG et l’OM
3
FIFA Club World Cup Champions
4
Les entraîneurs de l'OM et du PSG au 21e siècle
5
Criteria MLB: Left Handed Sluggers
6
AFC Teams Reveal (Wrong Answers Minefield)
7
2023 MLB Unique Player Accomplishments
8
5-to-1: FBS Animal Nicknames
9
Players with Multiple 50 Home Run Seasons
10
5-to-1: UK Sports Teams
Explore More
Trending Topics
Crossword
Marvel
Harry Potter
Kpop
Disney
Anime
NBA
NFL
Song
Pokémon
Country
Puzzle
Soccer
The Office
WWE
hide this ad
More By:
tyant649
Quiz
Plays
Rating
Category
Featured
Created
Profile: Justin Bieber
2,426
1.90
Music
Feb 20, 2011
The Big 4 Sports Teams (Hot/Cold)
1,404
1.94
Sports
Jan 30, 2011
4 Cardinal Directions
483
3.33
Geography
Feb 10, 2011
Tower Prep Characters
462
3.00
Television
Jan 27, 2011
MLB Homerun Leaders 2010
357
3.33
Sports
Sep 8, 2010
Go to Creator's Profile
Score Distribution
Quiz Creator Spotlight
tyant649
Follow
Send a Message
Quizzes Created
-
Created Quiz Play Count
-
More By This Creator
Popular Quizzes Today
1
Find the US States - No Outlines Minefield
2
Find the Countries of Europe - No Outlines Minefield
3
The Countries of the World
4
Find the US States
5
Risky Map Clicking: Biggest States A-Z
6
US States
7
Popular People in 1961
8
Movies - When Are They Set?
More Sports Quizzes
NBA Finals Minefield (2010s)
Published
Trending Quizzes
Risky Map Clicking: Least Populous States A-Z
1-10 Letter G Words
1-10 Letter F Words
Risky Map Clicking: Next State Alphabetically
Adjectives in 80s TV Shows
Recently Updated
Leaping Animals
pecheneg
Reality TV Shows (A-Z)
bhenderson79
Rickey Henderson's Hall of Fame Teammates
pecheneg
Champions League XIs: Arsenal
pecheneg
Quick Pick: Celebrities in WWE's Hall of Fame
aduchscher
A-Z Keypad Blitz II
pecheneg
Multiple Oscar Actors
pecheneg
Mystery Phrase Blitz: Oscar 'Best Actors'
pecheneg
F. Scott Fitzgerald Novels
LTH
Pick 3 Villains
ddd62291
Trending Topics
Disney
Anime
Harry Potter
Crossword
Kpop
NBA
Marvel
Country
Pokémon
The Office
Song
Puzzle
Soccer
WWE
NFL
Your Account Isn't Verified!
In order to create a playlist on Sporcle, you need to verify the email address you used during registration. Go to your
Sporcle Settings
to finish the process.
Report this User
Report this user for behavior that violates our
Community Guidelines
.
Details:
Send Report
Go to the Sporcle.com Mobile Site →
Comments